[Event "ODJM A 2023"]
[Site "Willingen GER"]
[Date "2023.05.30"]
[Round "4"]
[White "Mühlich, Cornelius"]
[Black "Menzel, Maximilian"]
[Result "1-0"]
[Termination "normal"]
[Board "18"]
[WhiteElo "1910"]
[BlackElo "1855"]
[WhiteClock "00:02:00"]
[BlackClock "00:03:42"]
[PlyCount "109"]
[WhiteFideId "12963712"]
[BlackFideId "34617280"]
[EventCountry "GER"]
[EventRounds "9"]
[EventType "swiss"]
[EventDate "2023.05.27"]

1. e4 {[%clk 01:30:58]} c6 {[%clk 01:30:57]} {[%emt 00:00:04]} 2. d4 {[%clk
01:31:21]} {[%emt 00:00:07]} d5 {[%clk 01:31:23]} {[%emt 00:00:04]} 3. Nc3
{[%clk 01:31:47]} {[%emt 00:00:04]} dxe4 {[%clk 01:31:49]} {[%emt 00:00:04]} 4.
Nxe4 {[%clk 01:32:08]} {[%emt 00:00:08]} Nd7 {[%clk 01:32:16]} {[%emt
00:00:03]} 5. Nf3 {[%clk 01:32:14]} {[%emt 00:00:24]} Ngf6 {[%clk 01:32:40]}
{[%emt 00:00:06]} 6. Ng3 {[%clk 01:32:39]} {[%emt 00:00:05]} e6 {[%clk
01:33:06]} {[%emt 00:00:05]} 7. Bd3 {[%clk 01:31:45]} {[%emt 00:01:25]} Be7
{[%clk 01:33:17]} {[%emt 00:00:19]} 8. Qe2 {[%clk 01:25:35]} {[%emt 00:06:39]}
O-O {[%clk 01:24:59]} {[%emt 00:08:49]} 9. Ne5 {[%clk 01:19:39]} {[%emt
00:06:26]} c5 {[%clk 01:23:38]} {[%emt 00:01:50]} 10. Be3 {[%clk 01:13:28]}
{[%emt 00:06:41]} Qc7 {[%clk 01:14:40]} {[%emt 00:09:29]} 11. Nxd7 {[%clk
01:00:04]} {[%emt 00:13:55]} Bxd7 {[%clk 01:14:22]} {[%emt 00:00:47]} 12. c3
{[%clk 00:54:52]} {[%emt 00:05:41]} Nd5 {[%clk 00:55:36]} {[%emt 00:19:17]} 13.
Qh5 {[%clk 00:50:02]} {[%emt 00:05:19]} g6 {[%clk 00:52:40]} {[%emt 00:03:26]}
14. Qh6 {[%clk 00:45:43]} {[%emt 00:04:49]} Bf6 {[%clk 00:51:43]} {[%emt
00:01:28]} 15. O-O {[%clk 00:41:26]} {[%emt 00:04:46]} Bg7 {[%clk 00:46:30]}
{[%emt 00:05:43]} 16. Qh4 {[%clk 00:41:22]} {[%emt 00:00:34]} cxd4 {[%clk
00:43:27]} {[%emt 00:03:34]} 17. cxd4 {[%clk 00:37:55]} {[%emt 00:03:56]} Qb6
{[%clk 00:24:24]} {[%emt 00:19:34]} 18. b3 {[%clk 00:30:46]} {[%emt 00:07:39]}
Bb5 {[%clk 00:24:05]} {[%emt 00:00:49]} 19. Bc4 {[%clk 00:27:49]} {[%emt
00:03:26]} Bxc4 20. bxc4 {[%clk 00:28:18]} Nxe3 {[%clk 00:18:34]} {[%emt
00:00:02]} 21. fxe3 {[%clk 00:28:35]} {[%emt 00:00:13]} e5 {[%clk 00:18:43]}
{[%emt 00:00:21]} 22. c5 {[%clk 00:23:20]} {[%emt 00:05:45]} Qd8 {[%clk
00:17:10]} {[%emt 00:02:02]} 23. Qe4 {[%clk 00:22:17]} {[%emt 00:01:33]} exd4
{[%clk 00:16:24]} {[%emt 00:01:16]} 24. Rad1 {[%clk 00:20:59]} {[%emt
00:01:47]} Qe8 {[%clk 00:11:46]} {[%emt 00:05:10]} 25. exd4 {[%clk 00:19:53]}
{[%emt 00:01:36]} Qxe4 {[%clk 00:11:35]} {[%emt 00:00:41]} 26. Nxe4 {[%clk
00:20:18]} {[%emt 00:00:05]} Rad8 {[%clk 00:11:14]} {[%emt 00:00:51]} 27. d5
{[%clk 00:16:35]} {[%emt 00:04:12]} Rd7 {[%clk 00:10:52]} {[%emt 00:00:52]} 28.
g4 {[%clk 00:10:06]} {[%emt 00:06:59]} Rfd8 {[%clk 00:09:40]} {[%emt 00:01:42]}
29. d6 {[%clk 00:09:43]} {[%emt 00:00:53]} h6 {[%clk 00:07:58]} {[%emt
00:02:13]} 30. h4 {[%clk 00:07:27]} {[%emt 00:02:46]} Rc8 {[%clk 00:08:13]}
{[%emt 00:00:14]} 31. Rc1 {[%clk 00:05:59]} {[%emt 00:01:58]} Rc6 {[%clk
00:07:33]} {[%emt 00:01:10]} 32. g5 {[%clk 00:04:02]} {[%emt 00:02:27]} hxg5
{[%clk 00:07:52]} {[%emt 00:00:11]} 33. hxg5 {[%clk 00:04:30]} {[%emt
00:00:03]} Be5 {[%clk 00:07:37]} {[%emt 00:00:45]} 34. Kg2 {[%clk 00:04:09]}
{[%emt 00:00:50]} Ra6 {[%clk 00:03:20]} {[%emt 00:04:47]} 35. Rc2 {[%clk
00:03:44]} {[%emt 00:00:55]} Ra4 {[%clk 00:03:19]} {[%emt 00:00:31]} 36. Re1
{[%clk 00:03:50]} {[%emt 00:00:24]} Kg7 {[%clk 00:02:49]} {[%emt 00:01:00]} 37.
Kf3 {[%clk 00:03:49]} {[%emt 00:00:31]} Ra3+ {[%clk 00:01:22]} {[%emt
00:01:57]} 38. Re3 {[%clk 00:03:57]} {[%emt 00:00:21]} Rxe3+ {[%clk 00:01:16]}
{[%emt 00:00:37]} 39. Kxe3 {[%clk 00:04:26]} {[%emt 00:00:01]} f5 {[%clk
00:01:11]} {[%emt 00:00:36]} 40. gxf6+ {[%clk 00:03:35]} {[%emt 00:01:21]} Bxf6
{[%clk 00:01:39]} {[%emt 00:00:02]} 41. Kd3 {[%clk 00:27:33]} {[%emt 00:06:32]}
Bd8 {[%clk 00:20:53]} {[%emt 00:11:16]} 42. Kc4 {[%clk 00:22:11]} {[%emt
00:05:51]} Rf7 {[%clk 00:13:13]} {[%emt 00:08:10]} 43. Kd5 {[%clk 00:19:50]}
{[%emt 00:02:52]} g5 {[%clk 00:12:05]} {[%emt 00:01:37]} 44. Ke6 {[%clk
00:16:17]} {[%emt 00:04:02]} Kg6 {[%clk 00:10:17]} {[%emt 00:02:20]} 45. Rh2
{[%clk 00:14:05]} {[%emt 00:02:41]} Rf8 {[%clk 00:08:38]} {[%emt 00:02:10]} 46.
Kd7 {[%clk 00:10:16]} {[%emt 00:04:18]} g4 {[%clk 00:07:29]} {[%emt 00:01:39]}
47. Rg2 {[%clk 00:08:06]} {[%emt 00:02:40]} Ba5 {[%clk 00:03:08]} {[%emt
00:04:52]} 48. Rxg4+ {[%clk 00:04:55]} {[%emt 00:03:40]} Kf5 {[%clk 00:03:33]}
{[%emt 00:00:05]} 49. Nf2 {[%clk 00:03:31]} {[%emt 00:01:54]} Ke5 {[%clk
00:02:57]} {[%emt 00:01:05]} 50. Nd3+ {[%clk 00:03:28]} {[%emt 00:00:34]} Kd5
{[%clk 00:03:23]} {[%emt 00:00:04]} 51. Nf4+ {[%clk 00:02:15]} {[%emt
00:01:43]} Ke4 {[%clk 00:02:58]} {[%emt 00:00:55]} 52. Ne6+ {[%clk 00:02:21]}
{[%emt 00:00:24]} Kf3 {[%clk 00:03:22]} {[%emt 00:00:05]} 53. Nxf8 {[%clk
00:02:33]} {[%emt 00:00:19]} Kxg4 {[%clk 00:03:50]} {[%emt 00:00:02]} 54. Kc8
{[%clk 00:02:40]} {[%emt 00:00:23]} Bb4 {[%clk 00:03:42]} {[%emt 00:00:39]} 55.
d7 {[%clk 00:02:00]} {[%emt 00:01:08]} 1-0

[Event "ODJM A 2023"]
[Site "Willingen GER"]
[Date "2023.05.30"]
[Round "4"]
[White "Eberhart, Erik"]
[Black "Andresen, Marc"]
[Result "1-0"]
[Termination "normal"]
[Board "19"]
[WhiteElo "1764"]
[BlackElo "1748"]
[WhiteClock "00:04:27"]
[BlackClock "00:21:28"]
[PlyCount "73"]
[WhiteFideId "16239970"]
[BlackFideId "16233719"]
[EventCountry "GER"]
[EventRounds "9"]
[EventType "swiss"]
[EventDate "2023.05.27"]

1. e4 {[%clk 01:30:55]} {[%emt 00:00:04]} e5 {[%clk 01:30:46]} {[%emt
00:00:15]} 2. f4 {[%clk 01:31:01]} {[%emt 00:00:24]} exf4 {[%clk 01:31:06]}
{[%emt 00:00:10]} 3. Nf3 {[%clk 01:31:28]} {[%emt 00:00:03]} Nf6 {[%clk
01:31:20]} {[%emt 00:00:17]} 4. e5 {[%clk 01:31:09]} {[%emt 00:00:49]} Nh5
{[%clk 01:31:45]} {[%emt 00:00:06]} 5. d4 {[%clk 01:31:30]} {[%emt 00:00:08]}
d5 {[%clk 01:30:50]} {[%emt 00:01:24]} 6. Be2 {[%clk 01:24:46]} {[%emt
00:07:13]} Bg4 {[%clk 01:24:30]} {[%emt 00:06:51]} 7. O-O {[%clk 01:23:37]}
{[%emt 00:01:38]} g5 {[%clk 01:15:25]} {[%emt 00:09:34]} 8. Ne1 {[%clk
01:09:55]} {[%emt 00:14:14]} Bxe2 {[%clk 01:15:01]} {[%emt 00:00:54]} 9. Qxe2
{[%clk 01:10:21]} {[%emt 00:00:04]} Ng7 {[%clk 01:14:22]} {[%emt 00:01:09]} 10.
Qb5+ {[%clk 01:09:54]} {[%emt 00:00:58]} Qd7 {[%clk 01:12:58]} {[%emt
00:01:53]} 11. Qxb7 {[%clk 01:08:46]} {[%emt 00:01:37]} Qc6 {[%clk 01:13:24]}
{[%emt 00:00:05]} 12. Qc8+ {[%clk 01:07:19]} {[%emt 00:01:57]} Ke7 {[%clk
01:13:49]} {[%emt 00:00:05]} 13. Qg4 {[%clk 01:03:43]} {[%emt 00:04:05]} Ne6
{[%clk 01:13:14]} {[%emt 00:01:06]} 14. Nc3 {[%clk 00:43:09]} {[%emt 00:21:04]}
Nd7 {[%clk 00:59:02]} {[%emt 00:14:42]} 15. Nd3 {[%clk 00:38:37]} {[%emt
00:05:02]} Nb6 {[%clk 00:58:21]} {[%emt 00:01:11]} 16. Nc5 {[%clk 00:33:41]}
{[%emt 00:05:25]} h6 {[%clk 00:56:08]} {[%emt 00:02:44]} 17. Nxe6 {[%clk
00:33:29]} {[%emt 00:00:41]} Qxe6 {[%clk 00:56:17]} {[%emt 00:00:22]} 18. Qf3
{[%clk 00:30:52]} {[%emt 00:03:06]} Kd7 {[%clk 00:41:09]} {[%emt 00:15:39]} 19.
Kh1 {[%clk 00:27:37]} {[%emt 00:03:45]} Bb4 {[%clk 00:39:03]} {[%emt 00:02:35]}
20. g3 {[%clk 00:26:04]} {[%emt 00:02:02]} Bxc3 {[%clk 00:29:41]} {[%emt
00:09:53]} 21. bxc3 {[%clk 00:26:15]} {[%emt 00:00:19]} fxg3 {[%clk 00:30:05]}
{[%emt 00:00:06]} 22. Qxf7+ {[%clk 00:25:18]} {[%emt 00:01:28]} Qxf7 {[%clk
00:30:29]} {[%emt 00:00:06]} 23. Rxf7+ {[%clk 00:25:45]} {[%emt 00:00:03]} Kc6
{[%clk 00:30:53]} {[%emt 00:00:06]} 24. hxg3 {[%clk 00:24:03]} {[%emt
00:02:13]} Nc4 {[%clk 00:31:07]} {[%emt 00:00:15]} 25. Rb1 {[%clk 00:21:49]}
{[%emt 00:02:43]} Raf8 {[%clk 00:28:44]} {[%emt 00:02:53]} 26. Rxf8 {[%clk
00:21:36]} {[%emt 00:00:43]} Rxf8 {[%clk 00:29:10]} {[%emt 00:00:05]} 27. Kg2
{[%clk 00:22:01]} {[%emt 00:00:04]} a5 {[%clk 00:26:20]} {[%emt 00:03:20]} 28.
a4 {[%clk 00:11:50]} {[%emt 00:10:41]} Kd7 {[%clk 00:25:50]} {[%emt 00:01:00]}
29. Rb5 {[%clk 00:11:30]} {[%emt 00:00:50]} Ke6 {[%clk 00:20:45]} {[%emt
00:05:35]} 30. Rc5 {[%clk 00:11:11]} {[%emt 00:00:50]} Rf7 {[%clk 00:21:10]}
{[%emt 00:00:05]} 31. Rc6+ {[%clk 00:09:34]} {[%emt 00:02:07]} Kf5 {[%clk
00:21:36]} {[%emt 00:00:03]} 32. Rxh6 {[%clk 00:09:33]} {[%emt 00:00:31]} Kg4
{[%clk 00:22:02]} {[%emt 00:00:05]} 33. Rg6 {[%clk 00:08:46]} {[%emt 00:01:17]}
Rf5 {[%clk 00:22:17]} {[%emt 00:00:15]} 34. e6 {[%clk 00:08:01]} {[%emt
00:01:14]} Nd6 {[%clk 00:22:42]} {[%emt 00:00:05]} 35. e7 {[%clk 00:07:42]}
{[%emt 00:00:49]} Ne4 {[%clk 00:21:13]} {[%emt 00:01:59]} 36. Rxg5+ {[%clk
00:04:39]} {[%emt 00:03:33]} Nxg5 {[%clk 00:21:28]} {[%emt 00:00:15]} 37. Bxg5
{[%clk 00:04:27]} {[%emt 00:00:42]} 1-0

[Event "ODJM A 2023"]
[Site "Willingen GER"]
[Date "2023.05.30"]
[Round "4"]
[White "Gold, Florian"]
[Black "Meyer, Emil"]
[Result "1-0"]
[Termination "normal"]
[Board "20"]
[WhiteElo "1841"]
[BlackElo "1825"]
[WhiteClock "00:19:01"]
[BlackClock "00:26:09"]
[PlyCount "117"]
[WhiteFideId "16220536"]
[BlackFideId "34625771"]
[EventCountry "GER"]
[EventRounds "9"]
[EventType "swiss"]
[EventDate "2023.05.27"]

1. d4 {[%clk 01:30:58]} {[%emt 00:00:03]} d5 {[%clk 01:30:53]} {[%emt
00:00:06]} 2. c4 {[%clk 01:31:23]} {[%emt 00:00:05]} dxc4 {[%clk 01:31:20]}
{[%emt 00:00:03]} 3. Nf3 {[%clk 01:31:48]} {[%emt 00:00:04]} Nf6 {[%clk
01:31:45]} {[%emt 00:00:05]} 4. e3 {[%clk 01:32:15]} {[%emt 00:00:04]} e6
{[%clk 01:32:12]} {[%emt 00:00:04]} 5. Bxc4 {[%clk 01:32:41]} {[%emt 00:00:04]}
c5 {[%clk 01:32:40]} {[%emt 00:00:02]} 6. O-O {[%clk 01:33:05]} {[%emt
00:00:06]} a6 {[%clk 01:33:07]} {[%emt 00:00:03]} 7. Bb3 {[%clk 01:33:31]}
{[%emt 00:00:04]} b5 {[%clk 01:29:01]} {[%emt 00:04:36]} 8. a4 {[%clk
01:33:19]} {[%emt 00:00:41]} Bb7 {[%clk 01:19:25]} {[%emt 00:10:06]} 9. axb5
{[%clk 01:30:03]} {[%emt 00:03:47]} axb5 {[%clk 01:19:49]} {[%emt 00:00:06]}
10. Rxa8 {[%clk 01:30:12]} {[%emt 00:00:20]} Bxa8 {[%clk 01:20:15]} {[%emt
00:00:05]} 11. Qe2 {[%clk 01:18:55]} {[%emt 00:11:46]} Qb6 {[%clk 01:15:50]}
{[%emt 00:04:55]} 12. dxc5 {[%clk 01:08:15]} {[%emt 00:11:10]} Bxc5 {[%clk
01:16:01]} {[%emt 00:00:19]} 13. Nc3 {[%clk 01:08:32]} {[%emt 00:00:14]} b4
{[%clk 01:13:44]} {[%emt 00:02:45]} 14. Na4 {[%clk 01:07:59]} {[%emt 00:01:04]}
Qa6 {[%clk 01:08:37]} {[%emt 00:05:37]} 15. Bc4 {[%clk 01:02:48]} {[%emt
00:05:41]} Qa7 {[%clk 01:00:09]} {[%emt 00:08:57]} 16. Bb5+ {[%clk 00:51:34]}
{[%emt 00:11:45]} Nbd7 {[%clk 00:56:32]} {[%emt 00:04:07]} 17. Nxc5 {[%clk
00:45:44]} {[%emt 00:06:20]} Qxc5 {[%clk 00:56:54]} {[%emt 00:00:08]} 18. Bd2
{[%clk 00:42:54]} {[%emt 00:03:20]} Bxf3 {[%clk 00:55:38]} {[%emt 00:01:46]}
19. gxf3 {[%clk 00:41:44]} {[%emt 00:01:41]} O-O {[%emt 00:13:00]} 20. Rc1 Qh5
21. Kg2 Rb8 22. Bxd7 Nxd7 23. Qa6 Qg5+ 24. Kf1 Qb5+ 25. Qxb5 Rxb5 26. Rc8+ Nf8
27. b3 f6 28. Rc4 Rh5 29. Bxb4 Ng6 30. Rc8+ Kf7 31. Rc7+ Kg8 32. Rc8+ Kf7 33.
Rc7+ Kg8 34. Bd6 Rd5 35. Bc5 Ne5 36. Ke2 Nd3 37. Bd4 Nb4 38. Rc4 Rb5 39. Kd2
Kf7 40. e4 Rb7 41. Bc3 Na2 42. Kc2 Nxc3 43. Kxc3 e5 44. b4 Ra7 45. Kb3 Ke6 46.
b5 Kd6 47. Rc6+ Kd7 48. Rc2 Kd6 49. Kb4 Ra1 {[%clk 00:38:06]} 50. b6 {[%clk
00:22:03]} Rb1+ {[%clk 00:25:48]} {[%emt 02:13:01]} 51. Ka5 {[%clk 00:17:26]}
{[%emt 00:00:07]} Ra1+ {[%clk 00:26:11]} {[%emt 00:00:06]} 52. Kb5 {[%clk
00:17:52]} {[%emt 00:00:05]} Rb1+ {[%clk 00:26:34]} {[%emt 00:00:06]} 53. Ka6
{[%clk 00:18:18]} {[%emt 00:00:05]} Ra1+ {[%clk 00:26:54]} {[%emt 00:00:10]}
54. Kb7 {[%clk 00:18:41]} {[%emt 00:00:06]} Ra3 {[%clk 00:27:02]} {[%emt
00:00:23]} 55. Kb8 {[%clk 00:18:24]} {[%emt 00:00:47]} Kd7 {[%clk 00:26:46]}
{[%emt 00:00:45]} 56. b7 {[%clk 00:18:16]} {[%emt 00:00:38]} Kd8 {[%clk
00:25:39]} {[%emt 00:01:37]} 57. Rd2 {[%clk 00:18:31]} {[%emt 00:00:16]} Ke7
{[%clk 00:26:03]} {[%emt 00:00:06]} 58. Rd5 {[%clk 00:18:39]} {[%emt 00:00:22]}
Rxf3 {[%clk 00:26:09]} {[%emt 00:00:22]} 59. Kc7 {[%clk 00:19:01]} {[%emt
00:00:09]} 1-0

[Event "ODJM A 2023"]
[Site "Willingen GER"]
[Date "2023.05.30"]
[Round "4"]
[White "Stegert, Jonas"]
[Black "Deschler, Arne"]
[Result "0-1"]
[Termination "normal"]
[Board "21"]
[WhiteElo "1838"]
[BlackElo "1767"]
[WhiteClock "00:07:34"]
[BlackClock "00:11:42"]
[PlyCount "152"]
[WhiteFideId "16247965"]
[BlackFideId "16274415"]
[EventCountry "GER"]
[EventRounds "9"]
[EventType "swiss"]
[EventDate "2023.05.27"]

1. d4 {[%clk 01:30:52]} {[%emt 00:00:07]} c6 {[%clk 01:30:56]} {[%emt
00:00:05]} 2. Nf3 {[%clk 01:30:20]} {[%emt 00:01:02]} Nf6 {[%clk 01:30:19]}
{[%emt 00:01:07]} 3. Nbd2 {[%clk 01:29:58]} {[%emt 00:00:52]} d5 {[%clk
01:29:54]} {[%emt 00:00:55]} 4. e3 {[%clk 01:29:08]} {[%emt 00:01:20]} Bf5
{[%clk 01:26:43]} {[%emt 00:03:41]} 5. Be2 {[%clk 01:29:28]} {[%emt 00:00:10]}
e6 {[%clk 01:26:42]} {[%emt 00:00:31]} 6. O-O {[%clk 01:29:49]} {[%emt
00:00:08]} Bd6 {[%clk 01:25:30]} {[%emt 00:01:42]} 7. b3 {[%clk 01:29:55]}
{[%emt 00:00:25]} O-O {[%clk 01:25:19]} {[%emt 00:00:41]} 8. Bb2 {[%clk
01:30:19]} {[%emt 00:00:06]} Nbd7 {[%clk 01:23:51]} {[%emt 00:01:58]} 9. Nh4
{[%clk 01:30:33]} {[%emt 00:00:15]} Be4 {[%clk 01:16:53]} {[%emt 00:07:29]} 10.
Nxe4 {[%clk 01:23:52]} {[%emt 00:07:11]} Nxe4 {[%clk 01:16:06]} {[%emt
00:01:17]} 11. g3 {[%clk 01:19:30]} {[%emt 00:04:52]} f5 {[%clk 01:07:03]}
{[%emt 00:09:33]} 12. c4 {[%clk 01:11:23]} {[%emt 00:08:37]} Qe7 {[%clk
00:58:26]} {[%emt 00:09:06]} 13. Nf3 {[%clk 01:09:30]} {[%emt 00:02:23]} Rad8
{[%clk 00:44:42]} {[%emt 00:14:15]} 14. Qc2 {[%clk 01:00:00]} {[%emt 00:09:59]}
Kh8 {[%clk 00:41:50]} {[%emt 00:03:23]} 15. Ne5 {[%clk 00:56:48]} {[%emt
00:03:40]} Nxe5 {[%clk 00:41:06]} {[%emt 00:01:16]} 16. dxe5 {[%clk 00:57:11]}
{[%emt 00:00:07]} Bc5 {[%clk 00:39:21]} {[%emt 00:02:16]} 17. Rad1 {[%clk
00:44:58]} {[%emt 00:12:41]} Rd7 {[%clk 00:31:11]} {[%emt 00:08:40]} 18. Bf3
{[%clk 00:43:17]} {[%emt 00:02:11]} Bb6 {[%clk 00:25:48]} {[%emt 00:05:54]} 19.
Bxe4 {[%clk 00:21:00]} {[%emt 00:22:47]} fxe4 {[%clk 00:22:22]} {[%emt
00:03:55]} 20. Bd4 {[%clk 00:20:45]} {[%emt 00:00:46]} Bxd4 {[%clk 00:19:59]}
{[%emt 00:02:53]} 21. exd4 {[%clk 00:21:07]} {[%emt 00:00:07]} Qg5 {[%clk
00:18:45]} {[%emt 00:01:44]} 22. cxd5 {[%clk 00:20:29]} {[%emt 00:01:08]} exd5
{[%clk 00:17:18]} {[%emt 00:01:58]} 23. Qc5 {[%clk 00:17:53]} {[%emt 00:03:05]}
Rdf7 {[%clk 00:15:25]} {[%emt 00:02:24]} 24. e6 {[%clk 00:10:27]} {[%emt
00:07:56]} Re7 {[%clk 00:14:54]} {[%emt 00:01:01]} 25. Qxa7 {[%clk 00:10:51]}
{[%emt 00:00:07]} Qg4 {[%clk 00:14:47]} {[%emt 00:00:36]} 26. Rde1 {[%clk
00:08:04]} {[%emt 00:03:16]} Qxe6 {[%clk 00:14:43]} {[%emt 00:00:34]} 27. f4
{[%clk 00:07:15]} {[%emt 00:01:20]} Qf6 {[%clk 00:14:49]} {[%emt 00:00:24]} 28.
Qc5 {[%clk 00:04:00]} {[%emt 00:03:45]} h6 {[%clk 00:14:52]} {[%emt 00:00:26]}
29. b4 {[%clk 00:03:29]} {[%emt 00:01:01]} Ra8 {[%clk 00:14:56]} {[%emt
00:00:26]} 30. Re2 {[%clk 00:03:03]} {[%emt 00:00:56]} Ra3 {[%clk 00:14:42]}
{[%emt 00:00:44]} 31. Rd1 {[%clk 00:01:20]} {[%emt 00:02:13]} Rd7 {[%clk
00:10:34]} {[%emt 00:04:38]} 32. Qc1 {[%clk 00:01:30]} {[%emt 00:00:20]} Ra4
{[%clk 00:10:08]} {[%emt 00:00:56]} 33. Qb2 {[%clk 00:01:40]} {[%emt 00:00:21]}
Qf8 {[%clk 00:10:05]} {[%emt 00:00:33]} 34. a3 {[%clk 00:00:53]} {[%emt
00:01:17]} Rd8 {[%clk 00:07:28]} {[%emt 00:03:06]} 35. Re3 {[%clk 00:01:09]}
{[%emt 00:00:14]} Rda8 {[%clk 00:07:34]} {[%emt 00:00:24]} 36. Rc1 {[%clk
00:00:59]} {[%emt 00:00:41]} Qf6 {[%clk 00:06:19]} {[%emt 00:01:44]} 37. Rd1
{[%clk 00:00:43]} {[%emt 00:00:46]} Kh7 {[%clk 00:04:14]} {[%emt 00:02:35]} 38.
Rd2 {[%clk 00:00:36]} {[%emt 00:00:37]} h5 {[%clk 00:04:24]} {[%emt 00:00:20]}
39. Kg2 {[%clk 00:00:34]} {[%emt 00:00:32]} g6 {[%clk 00:02:03]} {[%emt
00:02:51]} 40. Rd1 {[%clk 00:00:36]} {[%emt 00:00:28]} Qd6 {[%clk 00:01:08]}
{[%emt 00:01:25]} 41. Rc1 {[%clk 00:26:19]} {[%emt 00:04:48]} Kh6 {[%clk
00:30:57]} {[%emt 00:00:41]} 42. Rcc3 {[%clk 00:25:32]} {[%emt 00:01:16]} Qf6
{[%clk 00:29:58]} {[%emt 00:01:29]} 43. Rb3 {[%clk 00:25:25]} {[%emt 00:00:37]}
R8a7 {[%clk 00:25:09]} {[%emt 00:05:20]} 44. Qc3 {[%clk 00:24:54]} {[%emt
00:01:00]} b6 {[%clk 00:22:31]} {[%emt 00:03:09]} 45. Qd2 {[%clk 00:23:18]}
{[%emt 00:02:04]} Kh7 {[%clk 00:20:08]} {[%emt 00:02:53]} 46. Qc3 {[%clk
00:18:27]} {[%emt 00:05:22]} Kg7 {[%clk 00:17:55]} {[%emt 00:02:43]} 47. Re2
{[%clk 00:17:56]} {[%emt 00:01:01]} Kf7 {[%clk 00:11:03]} {[%emt 00:07:22]} 48.
h4 {[%clk 00:16:06]} {[%emt 00:02:20]} Ke7 {[%clk 00:09:39]} {[%emt 00:01:55]}
49. Rc2 {[%clk 00:16:05]} {[%emt 00:00:30]} Kd7 {[%clk 00:09:21]} {[%emt
00:00:48]} 50. b5 {[%clk 00:12:16]} {[%emt 00:04:18]} Rc4 {[%clk 00:08:14]}
{[%emt 00:01:38]} 51. bxc6+ {[%clk 00:11:21]} {[%emt 00:01:25]} Qxc6 {[%clk
00:08:25]} {[%emt 00:00:18]} 52. Qb4 {[%clk 00:10:20]} {[%emt 00:01:32]} Rxc2+
{[%clk 00:06:50]} {[%emt 00:02:05]} 53. Kg1 {[%clk 00:10:46]} {[%emt 00:00:04]}
Rc1+ {[%clk 00:06:36]} {[%emt 00:00:43]} 54. Kf2 {[%clk 00:11:08]} {[%emt
00:00:08]} Qc2+ {[%clk 00:06:48]} {[%emt 00:00:19]} 55. Ke3 {[%clk 00:11:32]}
{[%emt 00:00:05]} Re1+ {[%clk 00:07:08]} {[%emt 00:00:10]} 56. Qxe1 {[%clk
00:11:54]} {[%emt 00:00:09]} Qxb3+ {[%clk 00:07:35]} {[%emt 00:00:03]} 57. Kf2
{[%clk 00:12:17]} {[%emt 00:00:07]} Rxa3 {[%clk 00:07:50]} {[%emt 00:00:15]}
58. Kg2 {[%clk 00:06:50]} {[%emt 00:05:58]} Qe3 {[%clk 00:07:47]} {[%emt
00:00:32]} 59. Qxe3 {[%clk 00:03:06]} {[%emt 00:04:14]} Rxe3 {[%clk 00:06:37]}
{[%emt 00:01:40]} 60. Kh3 {[%clk 00:03:13]} {[%emt 00:00:22]} b5 {[%clk
00:06:49]} {[%emt 00:00:20]} 61. Kg2 {[%clk 00:02:47]} {[%emt 00:00:55]} b4
{[%clk 00:06:46]} {[%emt 00:00:33]} 62. g4 {[%clk 00:03:10]} {[%emt 00:00:07]}
hxg4 {[%clk 00:06:34]} {[%emt 00:00:42]} 63. f5 {[%clk 00:03:34]} {[%emt
00:00:06]} gxf5 {[%clk 00:06:59]} {[%emt 00:00:06]} 64. h5 {[%clk 00:03:58]}
{[%emt 00:00:05]} Rf3 {[%clk 00:07:25]} {[%emt 00:00:04]} 65. h6 {[%clk
00:04:06]} {[%emt 00:00:23]} b3 {[%clk 00:07:50]} {[%emt 00:00:05]} 66. h7
{[%clk 00:04:19]} {[%emt 00:00:16]} Rh3 {[%clk 00:08:16]} {[%emt 00:00:03]} 67.
h8=N {[%clk 00:04:29]} {[%emt 00:00:22]} Rxh8 {[%clk 00:08:38]} {[%emt
00:00:07]} 68. Kg3 {[%clk 00:04:52]} {[%emt 00:00:06]} b2 {[%clk 00:08:57]}
{[%emt 00:00:12]} 69. Kf4 {[%clk 00:05:17]} {[%emt 00:00:05]} b1=Q {[%clk
00:09:16]} {[%emt 00:00:11]} 70. Ke5 {[%clk 00:05:34]} {[%emt 00:00:14]} Re8+
{[%clk 00:09:34]} {[%emt 00:00:13]} 71. Kf6 {[%clk 00:05:55]} {[%emt 00:00:08]}
Re6+ {[%clk 00:09:59]} {[%emt 00:00:05]} 72. Kg5 {[%clk 00:06:17]} {[%emt
00:00:08]} Qc1+ {[%clk 00:10:23]} {[%emt 00:00:06]} 73. Kxf5 {[%clk 00:06:28]}
{[%emt 00:00:19]} Ke7 {[%clk 00:10:46]} {[%emt 00:00:07]} 74. Kxg4 {[%clk
00:06:53]} {[%emt 00:00:05]} Rf6 {[%clk 00:11:08]} {[%emt 00:00:09]} 75. Kh5
{[%clk 00:07:11]} {[%emt 00:00:12]} Qg1 {[%clk 00:11:17]} {[%emt 00:00:19]} 76.
Kh4 {[%clk 00:07:34]} {[%emt 00:00:08]} Rh6# {[%clk 00:11:42]} {[%emt
00:00:04]} 0-1